000 00298nam a22001337a 4500
008 181015b xxu||||| |||| 00| 0 eng d
020 _a9780443102547
041 _aeng
080 _a159.9
100 _a48
101 _aPSI
245 _aCommunity Mental Health Care
_cSalter,M
942 _2udc
_cBK
999 _c49611
_d49611